000 01463nam a2200325 i 4500
003 DO-SdBNP
005 20250808115015.0
006 a||||gr|||| 00| 0
007 ta
008 240419e2017 dr aoc|| |||| 00| 0 spa d
040 _aDO-SdBNP
_bspa
_cBNPHU
_erda
082 4 _222
_bB443m
245 1 0 _aMemoria histórica en la comunidad bateyana de Matamamón:
_bestudio memoria histórica, identidad y patrimonio en 5 comunidades bateyanas en la República Dominicana /
_cCamila Belliard Quiroga; prólogo, Cristina Luis Francisca.
246 _aMemoria histórica en la comunidad bateyana de Matamamón.
264 _a[Santo Domingo]
_bAECID-MUDHA,
_c2017
300 _a28 páginas :
_bIlustraciones ;
_c27
336 _2rdacontent
_atexto
_btxt
337 _2rdamedia
_asin mediación
_bn
338 _2rdacarrier
_avolumen
_bnc
500 _aProyecto "Promoviendo el Arte y la Cultura para el fortalecimiento de la identidad y el ejercicio de los DDHH fundamentales en las Comunidades Bateyanas de la República Dominicana" AECID- MUDHA.
500 _aIncluye pie de fotos.
504 _aBibliografía: página 28
590 _aInventariado 2024 / MF
650 4 0 _aComunidades rurales
_92826
650 4 _aEstudios Demográficos
_zRepública Dominicana
_985288
650 4 _aIdentidad Cultural Dominicana
_981177
651 4 _aRepública Dominicana
_xIdentidad Cultural
_985289
700 4 _aLuis Francisca, Cristina,
_eprólogo
_985290
942 _2ddc
_cLF2
999 _c56468
_d56468